| 000 | 00416nam a2200169Ia 4500 | ||
|---|---|---|---|
| 008 | 260407s2023 xx 000 0 und d | ||
| 041 | _aeng | ||
| 082 |
_a615.1/YADAV _b11524 |
||
| 100 | _aDR.ADHIKRAO YADAV | ||
| 245 | _aPHARMACY PRACTICE | ||
| 250 | _a3RD | ||
| 260 |
_aPUNE _bNIRLAI PRAKASHAN _c2023 |
||
| 300 | _a21.8p | ||
| 650 | _aPHARMACEUTICS | ||
| 650 | _aPHARMACY PRACTICE | ||
| 700 | _aASHWINI DUBAL | ||
| 999 |
_c1219016 _d1219016 |
||